000 00607nam a2200193 i 4500
001 146769
003 ES-MaACL
005 20230906201650.0
007 t|
008 070917s1982 sp ||||1| spa d
080 _a69
100 1 _aTrill, John.
_9111422
245 1 3 _aEl caso de la esquina rota y otros problemas constructivos /
_cJohn Trill, Jack T. Bowyer... ; [versión de Raimon Rucabado].
260 _aBarcelona :
_bGustavo Gili,
_c1982.
300 _a167 p. :
_bil. ;
_c24 cm.
650 4 _aConstrucción.
_911295
700 1 _aBowyer, Jack T.
_931158
852 _aES-MaACL
_jL-2582
_bR.102869
999 _c146769
_d146769